Numery operacyjne PSP i OSP w pow. lubińskim - Statystyki

Ogólne statystyki
  • Ten quiz został rozwiązany 12 razy
  • Średni wynik to 10 z 53
Statystyki odpowiedzi
Jednostka Numer przynależności Numer operacyjny wozu % Poprawnych
JRG LUBIN 481 [D] 21
100%
JRG LUBIN 481 [D] 22
100%
JRG LUBIN 481 [D] 25
100%
JRG LUBIN 481 [D] 26
86%
JRG LUBIN 481 [D] 40
71%
JRG LUBIN 481 [D] 51
71%
JRG LUBIN 481 [D] 55
71%
JRG LUBIN 481 [D] 90
57%
JRG LUBIN 481 [D] 91
57%
JRG LUBIN 481 [D] 92
57%
KP PSP LUBIN 480 [D] 90
29%
KP PSP LUBIN 480 [D] 91
29%
JRG - H LUBIN 487 [D] 31
14%
JRG - H LUBIN 487 [D] 32
14%
OSP KSRG Ścinawa 489 [D] 40
14%
OSP KSRG Gwizdanów 489 [D] 41
14%
OSP KSRG Rudna 489 [D] 42
14%
OSP KSRG Tymowa 489 [D] 52
14%
OSP KSRG Tymowa 489 [D] 53
14%
OSP KSRG Gwizdanów 489 [D] 55
14%
OSP KSRG Gwizdanów 489 [D] 58
14%
OSP KSRG Rudna 489 [D] 66
14%
OSP KSRG Ścinawa 489 [D] 70
14%
OSP KSRG Ścinawa 489 [D] 75
14%
KP PSP LUBIN 480 [D] 81
14%
OSP KSRG Gwizdanów 489 [D] 81
14%
OSP Zaborów 487 [D] 44
0%
OSP Raszowa 487 [D] 45
0%
OSP GRS Lubin 487 [D] 47
0%
OSP Orsk 487 [D] 48
0%
OSP Górzyn 487 [D] 49
0%
OSP KSRG Niemstów 489 [D] 54
0%
GRat Dziesław 487 [D] 59
0%
OSP Szklary Górne 487 [D] 61
0%
OSP KSRG Księginice 489 [D] 62
0%
OSP KSRG Niemstów 489 [D] 64
0%
OSP KSRG Chobienia 489 [D] 67
0%
OSP Czerniec 487 [D] 71
0%
OSP KSRG Zimna Woda 489 [D] 72
0%
OSP KSRG Zimna Woda 489 [D] 73
0%
OSP Krzeczyn Wielki 487 [D] 74
0%
OSP Gorzyca 487 [D] 76
0%
OSP Krzeczyn Wielki 487 [D] 77
0%
OSP Szklary Górne 487 [D] 78
0%
OSP Raszówka 487 [D] 79
0%
OSP Górzyn 487 [D] 83
0%
OSP Zaborów 487 [D] 84
0%
OSP KSRG Tymowa 489 [D] 85
0%
OSP Parszowice 487 [D] 86
0%
OSP Orsk 487 [D] 87
0%
GRat Dziesław 487 [D] 88
0%
OSP GRS Lubin 487 [D] *przyczepa rat. P01
0%
GRat Dziesław 487 [D] *przyczepa rat. P02
0%
Nie znaleziono quizów pasujących do podanych kryteriów
Rozkład punktacji
Procent ludzi z każdym wynikiem
Percentyl według liczby udzielonych odpowiedzi
Twoja historia wyników
Nie rozwiązałeś tego quizu